[Event "Qatar Masters op"]
[Site "Doha"]
[Date "2015.12.24"]
[Round "5"]
[White "Carlsen, Magnus"]
[Black "Li, Chao B"]
[Result "1-0"]
[WhiteElo "2834"]
[BlackElo "2750"]
[Annotator "Nielsen,Peter Heine"]
[PlyCount "71"]
[EventDate "2015.12.20"]
[EventType "swiss"]
[EventRounds "9"]
[EventCountry "QAT"]
[SourceTitle "CBM 170"]
[Source "ChessBase"]
[SourceDate "2016.01.15"]
[SourceVersion "1"]
[SourceVersionDate "2016.01.15"]
[SourceQuality "1"]

{The world champion's return to open tournaments indeed had a rough start, but by round 5 he certainly had found his pace, and on Christmas Eve he created excellent entertainment for all those kids waiting for the evening to come. And for all other chess-lovers:} 1. d4 {Krasenkow,Michal} Nf6 2. c4 g6 3. f3 $5 {A move that has been very much in the limelight over the last couple of years, but somehow the interest seems to have faded a bit, for no apparent reason except fashion.} d5 4. cxd5 Nxd5 5. e4 Nb6 6. Nc3 Bg7 7. Be3 O-O 8. Qd2 Nc6 9. O-O-O f5 (9... Qd6 {has been established as the main line, and is what Caruana played against Magnus in Norway Chess 2014. But Li, stays true to his favourite choice.}) 10. e5 ({RR} 10. h4) 10... Nb4 11. Nh3 ({RR} 11. Kb1 N4d5 12. Nxd5 Nxd5 13. Bh6 f4 14. Bxg7 Kxg7 15. g3 c5 16. dxc5 Bf5+ 17. Ka1 Ne3) ({RR} 11. h4 Be6 ({RR} 11... N4d5 12. Nh3 Nxe3 13. Qxe3 Be6 14. h5) 12. h5 ({RR} 12. b3 a5 13. Nh3 a4 14. Nf4 Qc8 15. d5 Bxe5 16. Bd4 Bxf4 17. Qxf4 N6xd5) ({RR} 12. Kb1 N4d5 13. Nh3 Nxc3+ 14. Qxc3 Nd5) 12... Nxa2+ 13. Nxa2 Bxa2 14. hxg6 hxg6 15. Bh6 Qe8 ({RR} 15... Qd5 16. Ne2 Nc4 17. Qc3) 16. Ne2 f4 17. Bxf4 Bb3 18. Bh6 Nc4 19. Qb4 Bxh6+ 20. Rxh6 Bxd1 21. Qxc4+ Kg7 22. Rh4) 11... Qe8 $5 {Here however Li springs his surprise, just before Magnus would had a chance to show how he thought to proceed after Li's usual move 11..a5. The text move has the queen not only the keeping an eye on the f7-square, attacking a2, but also ideas like ...a4 exchanging of an important defender of both the queenside and the d5-square. Magnus, almost in Grischuk like fashion, here had a very long think, trying to grasp the subleties of Li's novelty.} ({RR} 11... Be6 12. Kb1 ({RR} 12. a3 N4d5 13. Ng5 Qd7 14. f4 Nxc3 15. Qxc3 Bd5 16. h4 h5 17. Rh3 a5 18. Kd2 a4 19. Ke1 Bb3 20. Rc1 Nd5) 12... Qd7 ({RR} 12... Nc4 13. Qc1 Nxe3 14. Qxe3 Nd5 15. Nxd5 Bxd5 16. Qc3 e6) 13. Nf4 Bf7 14. a3 a5 15. d5 ({RR} 15. h4) 15... Bxe5 16. axb4 axb4 17. Nb5 Ra5 ({RR} 17... Ra4) 18. Bxb6 ({RR} 18. Qxb4 Rfa8 19. Na3 Bd6) 18... cxb6 19. Qxb4 Rfa8 20. Rd4 ({RR} 20. Na3 Bd6 21. Qd4 Ra4) 20... Bxd4 21. Qxd4 Ra1+ 22. Kc2 Rxf1 23. Rxf1 Qxb5 24. Rc1 Rd8 25. Qe5 Bxd5 26. Nxd5 {Motylev,A (2647)-Svidler,P (2728) Wijk aan Zee 2007 CBM 117 [Krasenkow,Michal] 0-1}) ({RR} 11... a5 12. Nf4 a4 13. a3 N4d5 14. Ncxd5 Nxd5 15. Bc4 c6 16. h4 b5 17. Bxd5+ cxd5 18. Kb1 b4 19. Qxb4 Qa5 20. Qxa5 Rxa5 21. Rc1 Ba6 22. Bd2 Rb5 23. Rc7 Rfb8 24. Bb4 Bh6 25. Ne6 Bd2 26. Nc5 {Tang,A (2502)-Matta,N (2286) chess.com INT 2024 1-0 (46)}) 12. Kb1 a5 {Black switches back to this move, the point of 12.b1 being that 12...f7 could now just be answered by 13.g5! and 13...xa2 no longer is check.  In a way this position is a "mini zugzwang", in the sense that White would love to play f4 and h4 with a complete grip, but Black's concept with ...e8 is, that f4 can be answered strongly by ...g5! as h5 is protected. Thus Black do not want to play ...e6, as this exactly allows f4 and h4, so both players try to bide their time, while making small improvements to their position.} 13. Be2 $146 ({RR} 13. Rc1 Kh8 14. Be2 N6d5 15. Nxd5 Nxd5 16. Nf4 Nxe3 17. Qxe3 c6 18. h4 Bh6 19. Rhf1 Be6 20. Bc4 Bxc4 21. Rxc4 Rd8 22. Rc2 Rd5 23. Rc5 Rd7 24. g3 e6 25. Rc2 Bxf4 26. Qxf4 Qe7 27. Rd1 Rfd8 {Fallowfield,J (2109)-Brown,M (2252) Bournemouth 2016 0-1 (79)}) 13... c6 14. Rc1 Kh8 $6 {A logical move, seen often in the Leningrad Dutch freeing the g8-square for the black bishop, but with hindsight it is easy to see that the king is very vulnerable in the h-file.} (14... Be6 {seems preferable straight away, even if} 15. Ng5 $5 {still seems to give White a promising position.}) 15. Ka1 $1 {One could make the same argument here in reverse, that the white king is vulnerable due to the attack in the a-file, but there is a major difference. Partly in that there is no white pawn on b3, and thus the direct ...a4 is harmless, but especially as it becomes relevant in the game that ...xa2 is no longer check.} Be6 16. Nf4 ({Without the inclusion of ...h8 a1} 16. Ng5 {was the move, here however it leads to} Nc4 $1 {as} 17. Qe1 $4 {now fails to} Nxe3 {when} 18. Nxe6 {is met by a deadly fork on c2, due to the king now being on a1.}) 16... Qf7 17. h4 $1 {Exploiting the situation to the maximum attacking the black king and not caring about an unimportant pawn.} Bxa2 $6 {A very principled move.} (17... Rfd8 {still seemed very decent, as the threat of 18...xe5 slows White down somewhat.} {Probably} 18. Nh3 $5 {is the correct way forward, preparing 19.h5, and if} ({, and} 18. Nxe6 Qxe6 19. f4 (19. h5 g5) 19... h5 $1 {leaves the position too blocked for White's liking.}) ({The straightforward} 18. h5 g5 19. Ng6+ Kg8 {leads nowhere}) 18... h5 {by Black, then} ({and if} 18... Bxe5 {then} 19. Ng5 $1 {followed by 20.h5 gives a very dangerous attack for the sacrificed pawn.}) 19. g4 $1) 18. h5 Kg8 {Of course it can be seen as admitting that move 14 was wrong, but Black will claim he won the a2-pawn, and that White has to play energetically to prove Black's plan wrong:} 19. hxg6 hxg6 20. g4 Bb3 $1 {Neccesary,} ({as} 20... a4 {is answered by the simple} 21. gxf5 a3 22. b3 $1 {when Black's attack comes much too late, despite winning the white queenside pawns. But now however should the black pawn reach a3, his threats are deadly, so Magnus has to act decisively.}) 21. Bd1 $1 {White wants to get his queen to h2 as soon as possible, creating mating threats against the black king, but in this way he maximises the pressure on Black's position, exploiting the fact that the bishop on b3 is vulnerable, which is more than Black's position can bear. Another move actually has a lot of logic too:} ({As White wants to get his queen to h2, and also slow down Black's attack,} 21. Ba6 $5 {comes to mind, and indeed the computers after some time shows White is completely winning!}) 21... a4 22. Qh2 Rfd8 23. Qh7+ Kf8 24. d5 {A good move, attacking the knight on b6, and if a knight takes on d5, allowing e6.} ({However} 24. gxf5 $5 {might be a simpler win, allthough "simple" might not be very accurate, the point is that after} gxf5 (24... a3 {also does not work, as} 25. Bxb3 Qxb3 26. Ne6+ $1 {is just in time, due to} Ke8 27. Qg8+ $1 Kd7 28. Nc5+ {winning the queen on b3.}) {the counter-intuitive} 25. Bxb3 $1 axb3+ 26. Kb1 {is completely winning for White, as his attack comes first. The main point is} Ra5 27. Rcg1 Rda8 {and now} 28. Qh8+ $1 {exploits the g-file which has been opened, and wins on the spot.}) 24... Nc4 $5 {Setting up an unstoppable threat of ...a3. White's only chance it getting to the black king first, which requires very accurate calculation.} 25. Nxg6+ $1 {Reversing the order would be fatal.} ({After} 25. e6 $4 a3 $1 {Black gives mate.}) 25... Ke8 26. e6 a3 $5 {Very close to being brilliant.} 27. exf7+ Kd7 {It looks like the black king has escaped, and being a queen down seems less important, than the speed of the mating attack. But:} 28. Ne5+ $3 {Destabilising the knight on c4 is the key, as without it, Black has no forced mate.} ({That White is in grave danger is illustrated by} 28. bxa3 $4 Rxa3+ 29. Kb1 Bc2+ $3 {which forces mate.} 30. Bxc2 (30. Rxc2 Rb3+ $1 31. Kc1 Nd3# {being the point.}) 30... Ra1+ $3 31. Kxa1 Bxc3+ 32. Kb1 Na3#) 28... Bxe5 ({As} 28... Kc7 29. Nxc4 {puts an end to the black attack,}) ({or} 28... Nxe5 29. Bxb3 {as well, Black has no choice.}) 29. Qxf5+ Kc7 30. Qxe5+ $3 {Forcing the c4 to leave its post. As 30...c8 31.e6+ is curtains, Black has to take.} Nxe5 31. Bxb3 {The bishop on b3, did end up hanging! Materially Black is not in a hopeless situation, as he now wins an exchange, but the passed pawn on f7 makes White's edge decisive.} axb2+ 32. Kxb2 Nbd3+ 33. Kb1 Nxc1 34. Rxc1 Kc8 ({If} 34... Nxf7 {then} 35. dxc6 {threatening on f7, as well as b5+ wins.}) 35. dxc6 bxc6 36. f4 {And Black resigned. Magnus' trademark indeed is unique technical performances making him compared to Capablance, but in this game he shows he also has the ability to play like Tal.} 1-0

[Event "Qatar Masters op"]
[Site "Doha"]
[Date "2015.12.28"]
[Round "8"]
[White "Mamedyarov, Shakhriyar"]
[Black "Carlsen, Magnus"]
[Result "0-1"]
[WhiteElo "2748"]
[BlackElo "2834"]
[Annotator "Sagar,Shah/CB Website"]
[PlyCount "50"]
[EventDate "2015.12.20"]
[EventType "swiss"]
[EventRounds "9"]
[EventCountry "QAT"]
[SourceTitle "CBM 170"]
[Source "ChessBase"]
[SourceDate "2016.01.15"]
[SourceVersion "1"]
[SourceVersionDate "2016.01.15"]
[SourceQuality "1"]

1. d4 Nf6 2. c4 e6 3. Nf3 d5 4. Nc3 Bb4 5. Bg5 h6 6. Bxf6 Qxf6 7. e3 O-O 8. Rc1 dxc4 9. Bxc4 c5 10. O-O cxd4 11. Ne4 Qe7 12. exd4 {This is much more combative than taking on d4 with the knight. The isolated pawn means that there is an imbalance and an imbalance means that both sides have to play actively to make use of their imbalances.} (12. a3 {is the new move with which Dubov beat Anand in the World Rapid.}) 12... Rd8 13. Qe2 Nc6 14. Rfd1 Ba5 15. Ng3 Bb6 16. Qe4 Bd7 17. h4 $5 {Typical Mamedyarov. Until here everything had been seen in the game Shimanov-Matlakov 2014. But this is a new move.} Be8 18. a3 Rd6 $146 ({RR} 18... Rd7 19. Rd2 Rad8 20. Rcd1 Rd6 21. Ba2 Kh8 22. Bb1 f5 23. Qf4 Rd5 24. Qe3 Qf6 25. Re1 R5d6 26. Qb3 Nxd4 27. Nxd4 Bxd4 28. Qxb7 Bc6 29. Qb3 Qxh4 30. Rxe6 Bd5 31. Rxd6 Bxb3 32. Nxf5 Qg5 33. Rxd8+ {Szabo,B (2336)-Kojima,S (2290) Budapest 2012 ½-½ (44)}) 19. Qg4 $6 ({It was a good time to think about equalising and getting rid of the isolated pawn.} 19. d5 exd5 (19... Rad8 20. Qc2 $1 Rxd5 (20... exd5 21. Nf5 $16) 21. Bxd5 exd5 $14) 20. Rxd5 Qxe4 21. Nxe4 Rxd5 22. Bxd5 Rd8 23. Nc3 $11) 19... Rad8 {Now the d4-pawn is just a weakness.} 20. d5 Qf8 $1 {You are not going to be able to fool Magnus. He takes his queen away from the f5 fork tricks and gets ready to take on d5.} 21. Qe4 Ne7 {Thanks to the pin on the d-file the pawn cannot really move.} 22. Bd3 f5 $1 23. Qe5 Nxd5 24. Bxf5 $2 exf5 25. Nxf5 {Did Mamedyarov stir up some complications once again?} Rc6 $1 {Not really! The rook on c1 would be left hanging if the d-rook moved and if xc6 then bxc6 would solidify the position of the knight on d5.} 0-1

[Event "Tata Steel-A 78th"]
[Site "Wijk aan Zee"]
[Date "2016.01.16"]
[Round "1"]
[White "Navara, David"]
[Black "Carlsen, Magnus"]
[Result "1/2-1/2"]
[WhiteElo "2730"]
[BlackElo "2844"]
[PlyCount "62"]
[EventDate "2016.01.16"]
[EventType "tourn"]
[EventRounds "13"]
[EventCountry "NED"]
[EventCategory "20"]
[SourceTitle "CBM 171"]
[Source "ChessBase"]
[SourceDate "2016.03.14"]
[SourceVersion "2"]
[SourceVersionDate "2016.03.14"]
[SourceQuality "1"]

1. d4 Nf6 2. c4 e6 3. Nf3 d5 4. Nc3 Nbd7 5. cxd5 exd5 6. Bg5 h6 7. Bh4 c6 8. e3 g5 9. Bg3 Nh5 10. Bd3 Nxg3 11. hxg3 Bg7 12. O-O ({RR} 12. Qc2 Nb6 13. Ne5 Bxe5 14. dxe5 Qe7 15. f4 Bg4 {½-½ (15) Rogozenco,D (2415)-Hess,M (2385) Germany GER 2025}) 12... a5 $146 ({RR} 12... Nb6 13. Qc2 O-O 14. b4 Qe7 15. Rab1 Be6 16. a4 Nd7 17. a5 a6 18. Na4 Rad8 19. Nc5 Nxc5 20. bxc5 f5 21. Qc3 Rf7 22. Rb4 Qc7 23. Rb2 Re8 24. Ne5 Bxe5 25. dxe5 h5 26. f4 Qd8 27. fxg5 {Gukesh,D (2743)-Caruana,F (2803) Toronto CAN 2024 ½-½ (40)}) ({RR} 12... Nb6 13. Qc2 Be6 14. b4 a6 15. a4 O-O 16. a5 Nc8 17. Na4 Nd6 18. Nc5 Bc8 19. Rad1 Qe7 20. Rfe1 Bg4 21. e4 dxe4 22. Bxe4 Qc7 23. d5 Rae8 24. dxc6 Nxe4 25. Nxe4 bxc6 26. Nc5 Rxe1+ 27. Rxe1 {Beydullayeva,G (2404)-Sukandar,I (2330) New York USA 2024 1-0 (36)}) 13. a3 O-O 14. Qc2 Re8 15. b4 b5 16. Na2 Bb7 17. bxa5 Rxa5 18. Nb4 Qa8 19. Bh7+ Kh8 20. Bf5 Nb6 21. Ne5 Bxe5 22. dxe5 Nc4 23. Qc3 Rxa3 24. Qd4 c5 25. Rxa3 cxd4 26. Rxa8 Rxa8 27. exd4 Ra4 28. Rb1 Nd2 29. Rb2 Nc4 30. Rb1 Nd2 31. Rb2 Nc4 1/2-1/2

[Event "Tata Steel-A 78th"]
[Site "Wijk aan Zee"]
[Date "2016.01.19"]
[Round "4"]
[White "Carlsen, Magnus"]
[Black "Mamedyarov, Shakhriyar"]
[Result "1/2-1/2"]
[WhiteElo "2844"]
[BlackElo "2747"]
[PlyCount "72"]
[EventDate "2016.01.16"]
[EventType "tourn"]
[EventRounds "13"]
[EventCountry "NED"]
[EventCategory "20"]
[SourceTitle "CBM 171"]
[Source "ChessBase"]
[SourceDate "2016.03.14"]
[SourceVersion "2"]
[SourceVersionDate "2016.03.14"]
[SourceQuality "1"]

1. d4 Nf6 2. c4 g6 3. g3 c6 4. Bg2 d5 5. Qa4 a6 6. cxd5 b5 7. Qd1 cxd5 8. Nf3 Bg7 9. Bf4 O-O 10. O-O Nc6 11. Ne5 Bb7 12. Nxc6 Bxc6 13. Be5 e6 14. Nd2 Bh6 15. Rc1 $146 ({RR} 15. e3 Qe7 16. h4 b4 17. Qc2 Rfc8 18. Rfc1 Bd7 19. Qd1 Bb5 20. Rxc8+ Rxc8 21. Rc1 Rxc1 22. Qxc1 Ng4 23. Bf4 Bxf4 24. exf4 Nf6 25. Nb3 Bc4 26. Nc5 a5 27. b3 Bb5 28. Qe3 Ng4 29. Qd2 Qf6 {Eljanov,P (2760)-Wei,Y (2706) Wijk aan Zee 2016 ½-½ (36)}) 15... Rc8 16. Bxf6 Qxf6 17. e3 b4 18. Re1 Qd8 19. Bf1 Qb6 20. Nf3 Rc7 21. Qd3 Ra8 22. Rc2 Bf8 23. Rec1 Bd6 24. Ne5 Bb5 25. Qd1 Bxe5 26. dxe5 Rac8 27. Rxc7 Rxc7 28. Rxc7 Qxc7 29. Bxb5 axb5 30. Qd4 Qa5 31. Kg2 Kg7 32. b3 Qxa2 33. Qxb4 Qc2 34. Qxb5 Qe4+ 35. Kg1 Qb1+ 36. Kg2 Qe4+ 1/2-1/2